Five Most Populated States by Groups #3 - Statistics

General Stats
  • This quiz has been taken 139 times
  • The average score is 33 of 40
Answer Stats
Hint Answer % Correct
Closer to Colorado than California is Texas
98%
Seceded with Confederacy Texas
98%
Closer to Mexico than to Canada Texas
98%
Entirely Between 84th and 114th Meridian Texas
98%
Voted for Clinton 2016 California
95%
Closer to Mexico than to Canada California
95%
Voted for Clinton 2016 New York
94%
Borders Canada New York
94%
Has 3+ of Same Letter in Name Illinois
90%
Voted for Clinton 2016 Illinois
90%
Begins with Vowel Illinois
90%
Entirely Between 84th and 114th Meridian Illinois
90%
Seceded with Confederacy Florida
88%
Closer to Mexico than to Canada Florida
88%
Borders Canada Ohio
88%
Begins with Vowel Ohio
88%
Borders Canada Washington
87%
Closer to Colorado than California is Arizona
86%
Closer to Mexico than to Canada Arizona
86%
Begins with Vowel Arizona
86%
Begins with Vowel Oregon
84%
Seceded with Confederacy Georgia
83%
Borders Canada Michigan
83%
Begins with Vowel Alabama
82%
Has 3+ of Same Letter in Name Virginia
80%
Voted for Clinton 2016 Virginia
80%
Seceded with Confederacy Virginia
80%
Closer to Colorado than California is Oklahoma
79%
Seceded with Confederacy North Carolina
78%
Closer to Colorado than California is Minnesota
76%
Has 3+ of Same Letter in Name Pennsylvania
74%
Borders Canada Pennsylvania
74%
Closer to Mexico than to Canada Colorado
73%
Entirely Between 84th and 114th Meridian Indiana
73%
Closer to Colorado than California is Missouri
72%
Entirely Between 84th and 114th Meridian Missouri
72%
Entirely Between 84th and 114th Meridian Wisconsin
69%
Has 3+ of Same Letter in Name New Jersey
66%
Voted for Clinton 2016 New Jersey
66%
Has 3+ of Same Letter in Name Massachusetts
64%
No matching quizzes found
Score Distribution
Percent of People with Each Score
Percentile by Number Answered
Your Score History
You have not taken this quiz